Cartas a Karl y Luise Kautsky /
Rosa Luxemburg, pensadora y revolucionaria polaca del socialismo, nacida en Zamosc, Rutenia en 1870, quien tras obtener en 1897 la ciudadanía alemana se traslada a este país. En Alemania se une al Partido Socialdemócrata, se confronta con el revisionismo de Bernstein y aborda el análisis del imperia...
I tiakina i:
| Kaituhi matua: | |
|---|---|
| Ētahi atu kaituhi: | |
| Hōputu: | Pukapuka |
| Reo: | Pāniora |
| I whakaputaina: |
Barcelona, España :
Galba,
1975, c1975
|
| Rangatū: | (Galba ; Documento)
1. |
| Ngā marau: | |
| Ngā Tūtohu: |
Kāore He Tūtohu, Me noho koe te mea tuatahi ki te tūtohu i tēnei pūkete!
|
MARC
| LEADER | 00000nam^a2200000^a^4500 | ||
|---|---|---|---|
| 001 | 000187946 | ||
| 005 | 20250523000000.0 | ||
| 009 | 20260310102321.097 | ||
| 020 | |a 84-7136-186-8 | ||
| 037 | |a Acervo ITESO - Biblioteca | ||
| 041 | |a ESP | ||
| 082 | |a 320. 5323 |b LUX | ||
| 100 | |a Luxemburgo, Rosa |e (autor) | ||
| 245 | 1 | 0 | |a Cartas a Karl y Luise Kautsky / |c R. Luxemburg. |
| 264 | 4 | |a Barcelona, España : |b Galba, |c 1975, c1975 | |
| 300 | |a 237 p. | ||
| 336 | |a texto |b txt |2 rdacontenido | ||
| 337 | |a sin mediación |b n |2 rdamedio | ||
| 338 | |a volumen |b nc |2 rdasoporte | ||
| 440 | 1 | |a (Galba ; |v 1. |p Documento) | |
| 500 | |a Traducción de: Lettres à Karl et Luise Kautsky | ||
| 520 | |a Rosa Luxemburg, pensadora y revolucionaria polaca del socialismo, nacida en Zamosc, Rutenia en 1870, quien tras obtener en 1897 la ciudadanía alemana se traslada a este país. En Alemania se une al Partido Socialdemócrata, se confronta con el revisionismo de Bernstein y aborda el análisis del imperialismo, el agotamiento y destrucción del capitalismo. Se opone y crítica la concepción bolchevique del partido centralista autoritario ruso. Al estallar la Primera Guerra Mundial rompe con la socialdemocracia y participa después en la fundación de la Liga de Espartaco, que se transforma después en el Partido Comunista Alemán. Muere asesinada en Berlín el 15 de enero de 1919 por soldados enviados por el gobierno socialdemócrata para reprimir un intento de resurrección. | ||
| 649 | |a XX | ||
| 650 | |a Políticos Alemanes - |x Biografías | ||
| 650 | |a Políticos Alemanes - |x Memorias | ||
| 650 | |a Mujeres Alemanas - |x Biografías | ||
| 650 | |a Mujeres Alemanas - |x Memorias | ||
| 650 | |a Cartas Alemanas | ||
| 650 | |a Socialdemocracia | ||
| 650 | |a Marxismo | ||
| 650 | |a Socialismo | ||
| 650 | |a Política | ||
| 650 | |a Luxemburgo, Rosa | ||
| 740 | 3 | |a La obra y la vida de Rosa Luxemburg / |c D. Desanti. | |
| 700 | |a Desanti, Dominique |e (autor) | ||
| 910 | |a Fondo General | ||
| 920 | |a Impresos - Libros | ||
| 930 | |a Colección General | ||
| 905 | |a 101 | ||
| 901 | |a 0500130407 |b IT1 |c ACC |u 20250521 | ||
| 902 | |a https://opac.biblio.iteso.mx/vufind/Record/000187946 | ||